1692 1269 1549 1320 1874 1959 1616 1428 1684 1462 1982 1637 1898 1394 1749 1056 1435 1890 1268 1107 1022 1063 1114 1118 1915 1341 1514 1667 1025 1227 1807 1214 1609 1225 1313 1018 1398 1974 1573 1310 1673 1383 1629 1598 1111 1428 1107 1159 1746 1593 1717 1394 1694 1628 1459 1755 1590 1319 1188 1873 1742 1218 1944 1566 1762 1747 1771 1595 1508 1731 1161 1098 1624 1971 1334 1112 1144 1926 1708 1777 1650 1949 1664 1884 1766 1138 1100 1680 1655 1535 1494 1065 1978 1727 1482 1154 1026 1552 1645 BCNSPRNW ULIB Ver.6.0+V

เปลี่ยนเป็นภาษาไทย

Change to English
 แสดงรายละเอียดบรรณานุกรม
  กลับหน้าหลัก

Brief Record : Get Marc (ISO 2709) : E-mail record : QR code < ปิดหน้าต่าง
LEADER : 00000nam 2200000uu 4500
001    13399115068
003     ULIB
008    120708s2552||||th 000 0 tha d
020    9789740463771
060  4 WY105^bส832ก
100 0  สุพิศ กิตติรัชดา
245 00 การบริหารการพยาบาลสู่คุณภาพ การนิเทศการพยาบาล=^n Nursing supervision^cสุพิศ กิตติรัชดา และ วารี วณิชปัญจพล
246 0  การนิเทศการพยาบาล
260    กรุงเทพฯ:^bสามเจริญพาณิชย์,^c2552
650  4 การนิเทศการพยาบาล
650  4 การบริหาร^xการพยาบาล
650  4 การบริหารการพยาบาล
700 0  วารี วณิชปัญจพล
945    ^p270^l0^i19137
995    เกษร
999 ^a ใช้งานได้ทุกระบบ
รายการนี้ยังไม่มีแท็ก
คุณยังไม่ได้ล็อกอิน คุณสามารถมีกิจกรรมร่วมกับเว็บไซต์ได้ แต่ต้องล็อกอินก่อน ::
  ล็อกอิน

รายการสื่อสารสนเทศ

ลำดับที่ ประเภท เลขเรียก/บาร์โค้ด สถานที่ สถานะ
1. วิทยาศาสตร์การแพทย์ และสุขภาพ
หนังสือสำรอง
สถานะ=หนังสือสำรอง
WY105 ส832ก ฉ.1 
  Barcode: 19137
ห้องสมุดวิทยาเขตนครสวรรค์
►ส่วนจัดเก็บหนังสือเก่า นว.
บนชั้น
  ขอยืม

รายการใกล้เคียง
    หัวเรื่อง [การนิเทศการพยาบาล]
    หัวเรื่อง [การบริหารการพยาบาล]

BibComment


ยังไม่เคยถูกคอมเมนท์

คอมเมนท์ทรัพยากรรายการนี้
  คอมเมนท์: การบริหารการพยาบา..


 Copyright 2026. Bcnsprnw @Library